000 00316nam a2200145Ia 4500
100 _aRangan/Sarma Mani
942 _cBK
654 _ainstrumentation
245 _aInstrumentation
260 _bTata Mc Graw hill
_aNew Delhi
_c1983
082 _a620.0028
_bRAN
300 _a529
546 _aENGLISH
999 _c18405
_d18405